[Event "Guernsey International Chess Festival 2015"]
[Site "?"]
[Date "2015.10.24"]
[Round "7.1"]
[White "Drenchev, Petar"]
[Black "Koop, Thorben"]
[Result "1-0"]
[BlackElo "2407"]
[WhiteElo "2465"]
[LiveChessVersion "1.4.5"]

1. e4 {[%clk 1:40:27]} c5 {[%clk 1:40:52]} 2. Nf3 {[%clk 1:40:49]} Nc6
{[%clk 1:41:14]} 3. d4 {[%clk 1:41:11]} cxd4 {[%clk 1:41:38]} 4. Nxd4
{[%clk 1:41:36]} e5 {[%clk 1:42:01]} 5. Nb5 {[%clk 1:41:59]} d6 {[%clk 1:42:25]}
6. N1c3 {[%clk 1:41:57]} a6 {[%clk 1:42:49]} 7. Na3 {[%clk 1:42:22]} b5
{[%clk 1:43:15]} 8. Nd5 {[%clk 1:42:46]} Nce7 {[%clk 1:43:37]} 9. c4
{[%clk 1:42:58]} Nxd5 {[%clk 1:43:24]} 10. exd5 {[%clk 1:43:13]} bxc4
{[%clk 1:43:26]} 11. Nxc4 {[%clk 1:43:33]} Be7 {[%clk 1:43:17]} 1-0

[Event "Guernsey International Chess Festival 2015"]
[Site "?"]
[Date "2015.10.24"]
[Round "7.6"]
[White "Hickman, John E"]
[Black "Havenaar, Jan"]
[Result "0-1"]
[BlackElo "2016"]
[WhiteElo "1924"]
[LiveChessVersion "1.4.5"]

1. e4 {[%clk 1:40:56]} g6 {[%clk 1:39:23]} 2. d4 {[%clk 1:41:11]} Bg7
{[%clk 1:39:32]} 3. Nc3 {[%clk 1:41:26]} d6 {[%clk 1:38:43]} 4. f4
{[%clk 1:41:39]} a6 {[%clk 1:35:27]} 5. Nf3 {[%clk 1:41:55]} b5 {[%clk 1:30:24]}
6. Bd3 {[%clk 1:40:41]} Nd7 {[%clk 1:25:19]} 7. a4 {[%clk 1:33:12]} b4
{[%clk 1:25:00]} 8. Ne2 {[%clk 1:33:32]} c5 {[%clk 1:23:24]} 9. c3
{[%clk 1:31:10]} Qb6 {[%clk 1:12:06]} 10. O-O {[%clk 1:22:49]} Bb7
{[%clk 1:01:20]} 11. Kh1 {[%clk 1:11:21]} bxc3 {[%clk 0:56:59]} 12. bxc3
{[%clk 1:11:42]} Ngf6 {[%clk 0:54:41]} 13. Rb1 {[%clk 1:07:21]} Qc7
{[%clk 0:53:11]} 14. e5 {[%clk 0:58:03]} Nd5 {[%clk 0:46:11]} 15. e6
{[%clk 0:48:03]} fxe6 {[%clk 0:44:58]} 16. Ng5 {[%clk 0:48:09]} N7f6
{[%clk 0:43:08]} 17. Nxe6 {[%clk 0:47:32]} Qc6 {[%clk 0:40:50]} 18. Rxb7
{[%clk 0:43:39]} Qxb7 {[%clk 0:41:09]} 19. f5 {[%clk 0:40:18]} Kf7
{[%clk 0:33:20]} 20. fxg6+ {[%clk 0:39:24]} hxg6 {[%clk 0:33:16]} 21. Nxg7
{[%clk 0:36:36]} Kxg7 {[%clk 0:33:30]} 22. Rf3 {[%clk 0:30:00]} Rh4
{[%clk 0:25:31]} 23. Bg5 {[%clk 0:24:32]} Rh5 {[%clk 0:20:03]} 24. Qd2
{[%clk 0:23:19]} Rah8 {[%clk 0:19:52]} 25. h4 {[%clk 0:16:38]} Nh7
{[%clk 0:16:49]} 26. Ng3 {[%clk 0:11:53]} Rxg5 {[%clk 0:17:07]} 27. hxg5
{[%clk 0:11:50]} Nxg5+ {[%clk 0:17:29]} 28. Kg1 {[%clk 0:11:32]} Nxf3+
{[%clk 0:17:01]} 29. gxf3 {[%clk 0:11:59]} e6 {[%clk 0:13:24]} 30. dxc5
{[%clk 0:08:27]} dxc5 {[%clk 0:12:40]} 31. Qg5 {[%clk 0:07:40]} Qf7
{[%clk 0:11:49]} 32. Qg4 {[%clk 0:02:07]} Qf6 {[%clk 0:11:16]} 33. Ne4
{[%clk 0:01:37]} Qf5 {[%clk 0:09:30]} 34. Nxc5 {[%clk 0:01:31]} Qxg4+
{[%clk 0:09:49]} 35. fxg4 {[%clk 0:02:00]} Kf6 {[%clk 0:08:11]} 36. Bxa6
{[%clk 0:01:39]} Nxc3 {[%clk 0:08:07]} 37. Kg2 {[%clk 0:01:15]} Ke5
{[%clk 0:08:03]} 38. Kf3 {[%clk 0:01:20]} Rh3+ {[%clk 0:07:01]} 39. Kg2
{[%clk 0:01:35]} Rh7 {[%clk 0:07:24]} 40. Nd3+ {[%clk 0:01:15]} Kd6
{[%clk 0:06:58]} 41. Bc4 {[%clk 0:36:05]} e5 {[%clk 0:45:44]} 42. a5
{[%clk 0:34:49]} Rc7 {[%clk 0:46:04]} 43. Bg8 {[%clk 0:30:18]} Ra7
{[%clk 0:45:52]} 44. Kg3 {[%clk 0:27:30]} Rxa5 {[%clk 0:40:31]} 45. Nb2
{[%clk 0:23:39]} Kc5 {[%clk 0:40:32]} 46. Nc4 {[%clk 0:22:33]} Ra8
{[%clk 0:40:29]} 47. Bf7 {[%clk 0:22:44]} Kd4 {[%clk 0:40:39]} 48. Nd2
{[%clk 0:22:14]} Ne2+ {[%clk 0:32:41]} 49. Kf2 {[%clk 0:20:03]} Nf4
{[%clk 0:32:55]} 50. Nf3+ {[%clk 0:19:37]} Ke4 {[%clk 0:32:37]} 51. Ng5+
{[%clk 0:18:56]} Kd3 {[%clk 0:32:46]} 52. Nf3 {[%clk 0:18:01]} Ra5
{[%clk 0:33:02]} 53. Nh4 {[%clk 0:17:04]} e4 {[%clk 0:27:28]} 54. Nxg6
{[%clk 0:16:17]} e3+ {[%clk 0:27:14]} 55. Kf3 {[%clk 0:16:23]} Nxg6
{[%clk 0:27:32]} 56. Bxg6+ {[%clk 0:16:44]} Kd2 {[%clk 0:28:00]} 57. Ke4 0-1

[Event "Guernsey International Chess Festival 2015"]
[Site "?"]
[Date "2015.10.24"]
[Round "7.7"]
[White "Broek, Thomas"]
[Black "Corkett, Anthony R"]
[Result "0-1"]
[BlackElo "2306"]
[WhiteElo "2205"]
[LiveChessVersion "1.4.5"]

1. Nf3 {[%clk 1:40:50]} c5 {[%clk 1:40:15]} 2. e4 {[%clk 1:40:56]} Nc6
{[%clk 1:40:41]} 3. d4 {[%clk 1:41:20]} cxd4 {[%clk 1:41:07]} 4. Nxd4
{[%clk 1:41:44]} g6 {[%clk 1:41:35]} 5. Nc3 {[%clk 1:41:43]} Bg7 {[%clk 1:42:01]}
6. Be3 {[%clk 1:41:59]} Nf6 {[%clk 1:42:15]} 7. Nxc6 {[%clk 1:41:26]} bxc6
{[%clk 1:41:26]} 8. e5 {[%clk 1:41:12]} Ng8 {[%clk 1:41:06]} 9. f4
{[%clk 1:39:10]} Nh6 {[%clk 1:36:33]} 10. Ne4 {[%clk 1:37:27]} Rb8
{[%clk 1:32:30]} 11. Bc4 {[%clk 1:22:47]} d5 {[%clk 0:49:56]} 12. exd6
{[%clk 1:20:09]} Bf5 {[%clk 0:43:37]} 13. d7+ {[%clk 1:02:22]} Bxd7
{[%clk 0:37:44]} 14. Bd4 {[%clk 0:58:02]} Bg4 {[%clk 0:32:35]} 15. Bxg7
{[%clk 0:55:43]} Bxd1 {[%clk 0:32:58]} 16. Rxd1 {[%clk 0:47:41]} Qa5+
{[%clk 0:33:03]} 17. c3 {[%clk 0:43:04]} Nf5 {[%clk 0:28:00]} 18. Bxh8
{[%clk 0:42:25]} Ne3 {[%clk 0:28:14]} 19. b4 {[%clk 0:34:01]} Qf5
{[%clk 0:24:38]} 20. Bd3 {[%clk 0:29:17]} Qg4 {[%clk 0:19:19]} 21. Nf2
{[%clk 0:24:15]} Nxg2+ {[%clk 0:18:24]} 22. Kf1 {[%clk 0:23:35]} Ne3+
{[%clk 0:17:50]} 23. Ke1 {[%clk 0:24:00]} Qxf4 {[%clk 0:16:27]} 24. Rd2
{[%clk 0:23:14]} f6 {[%clk 0:15:11]} 25. Be4 {[%clk 0:14:19]} Kf7
{[%clk 0:12:34]} 26. Rd4 {[%clk 0:14:33]} Qh6 {[%clk 0:11:51]} 27. Bxf6 exf6
{[%clk 0:09:19]} 28. Rd7+ {[%clk 0:12:56]} Kg8 {[%clk 0:09:39]} 29. Bxc6
{[%clk 0:10:43]} Qf4 {[%clk 0:08:48]} 30. Ne4 {[%clk 0:07:41]} Re8
{[%clk 0:08:21]} 31. Nd6 {[%clk 0:05:50]} Re6 {[%clk 0:07:26]} 32. Rd8+
{[%clk 0:05:13]} Kg7 {[%clk 0:07:31]} 33. Rd7+ {[%clk 0:05:30]} Kh6
{[%clk 0:07:29]} 34. Nf7+ {[%clk 0:05:41]} Kh5 {[%clk 0:07:39]} 35. Nd8
{[%clk 0:05:49]} Qh4+ {[%clk 0:05:34]} 36. Ke2 {[%clk 0:05:50]} Qc4+
{[%clk 0:05:41]} 37. Rd3 {[%clk 0:05:20]} Qxa2+ {[%clk 0:04:36]} 38. Rd2
{[%clk 0:03:05]} Nc4+ {[%clk 0:04:03]} 39. Nxe6 {[%clk 0:03:12]} Qxd2+
{[%clk 0:04:21]} 40. Kf3 {[%clk 0:03:37]} Qe3+ {[%clk 0:04:21]} 41. Kg2
{[%clk 0:03:17]} Qxe6 {[%clk 0:03:46]} 42. Bf3+ {[%clk 0:03:41]} Kh6
{[%clk 0:04:07]} 43. Ra1 {[%clk 0:04:05]} Ne3+ {[%clk 0:03:59]} 44. Kf2
{[%clk 0:04:27]} Nf5 {[%clk 0:03:50]} 45. Ke1 0-1

[Event "Guernsey International Chess Festival 2015"]
[Site "?"]
[Date "2015.10.24"]
[Round "7.8"]
[White "Magnussen, Pal"]
[Black "Mack, Wolfgang"]
[Result "1/2-1/2"]
[BlackElo "2223"]
[WhiteElo "1987"]
[LiveChessVersion "1.4.5"]

1. e4 {[%clk 1:40:38]} g6 {[%clk 1:40:52]} 2. d4 {[%clk 1:40:23]} Bg7
{[%clk 1:41:17]} 3. Nf3 {[%clk 1:39:42]} d6 {[%clk 1:40:42]} 4. h3
{[%clk 1:39:42]} Nd7 {[%clk 1:37:35]} 5. Nc3 {[%clk 1:35:39]} a6 {[%clk 1:37:10]}
6. a4 {[%clk 1:30:47]} b6 {[%clk 1:35:08]} 7. Be2 {[%clk 1:26:56]} Bb7
{[%clk 1:34:43]} 8. Be3 {[%clk 1:21:21]} e6 {[%clk 1:26:57]} 9. O-O
{[%clk 1:15:10]} Ne7 {[%clk 1:26:36]} 10. Qd2 {[%clk 1:10:11]} h6
{[%clk 1:23:41]} 11. Rfe1 {[%clk 1:06:25]} Kf8 {[%clk 1:22:25]} 12. Rad1
{[%clk 1:04:06]} Kg8 {[%clk 1:17:35]} 13. Nh2 {[%clk 0:56:18]} f5
{[%clk 0:54:21]} 14. exf5 {[%clk 0:54:34]} Nxf5 {[%clk 0:52:18]} 15. Bc4
{[%clk 0:50:43]} d5 {[%clk 0:50:00]} 16. Ba2 {[%clk 0:49:07]} c5 {[%clk 0:46:39]}
17. Nf3 {[%clk 0:47:52]} Kh7 {[%clk 0:41:56]} 18. g4 {[%clk 0:32:59]} Nh4
{[%clk 0:33:33]} 19. Nh2 {[%clk 0:29:54]} Qf6 {[%clk 0:32:16]} 20. f4
{[%clk 0:29:26]} Rhf8 {[%clk 0:30:27]} 21. Rf1 {[%clk 0:27:43]} cxd4
{[%clk 0:18:22]} 22. Bxd4 {[%clk 0:27:52]} Qxd4+ {[%clk 0:18:16]} 23. Qxd4
{[%clk 0:28:15]} Bxd4+ {[%clk 0:18:42]} 24. Rxd4 {[%clk 0:28:38]} g5
{[%clk 0:18:57]} 25. Ne2 {[%clk 0:20:19]} gxf4 {[%clk 0:13:15]} 26. Rdxf4
{[%clk 0:20:31]} Rxf4 {[%clk 0:13:03]} 27. Nxf4 {[%clk 0:20:42]} Rf8
{[%clk 0:01:54]} 28. Nxe6 {[%clk 0:20:26]} Rxf1+ {[%clk 0:02:22]} 29. Kxf1
{[%clk 0:20:44]} Nc5 30. Nxc5 {[%clk 0:15:19]} bxc5 {[%clk 0:03:21]} 31. Kf2
{[%clk 0:15:36]} a5 {[%clk 0:03:33]} 32. Nf3 {[%clk 0:15:13]} Ng6
{[%clk 0:03:15]} 33. c3 {[%clk 0:15:14]} Kg7 {[%clk 0:02:18]} 34. Ke3
{[%clk 0:13:53]} Kf6 {[%clk 0:02:43]} 35. h4 {[%clk 0:11:17]} Bc6
{[%clk 0:01:35]} 36. Bb3 {[%clk 0:11:25]} Nf8 {[%clk 0:01:39]} 37. Bc2
{[%clk 0:10:05]} Nd7 {[%clk 0:01:59]} 38. Kf4 {[%clk 0:09:56]} Nb6
{[%clk 0:02:21]} 39. g5+ {[%clk 0:07:13]} hxg5+ {[%clk 0:02:43]} 40. hxg5+
{[%clk 0:07:30]} Kg7 {[%clk 0:03:06]} 41. b3 {[%clk 0:03:24]} c4 {[%clk 0:03:04]}
42. Nd4 {[%clk 0:03:01]} cxb3 {[%clk 0:02:43]} 43. Ne6+ {[%clk 0:02:26]} Kg8
{[%clk 0:02:00]} 44. Bxb3 {[%clk 0:02:31]} Bxa4 {[%clk 0:02:05]} 45. Ba2
{[%clk 0:02:04]} Bb5 {[%clk 0:39:22]} 46. Ke5 {[%clk 0:38:04]} a4
{[%clk 0:25:46]} 47. Nd4 {[%clk 0:37:31]} Bc4 48. Ke4 1/2-1/2

[Event "Guernsey International Chess Festival 2015"]
[Site "?"]
[Date "2015.10.24"]
[Round "7.11"]
[White "Van Hoek, Wim"]
[Black "Dennis, Nigel"]
[Result "1-0"]
[BlackElo "1809"]
[WhiteElo "1869"]
[LiveChessVersion "1.4.5"]

1. e4 {[%clk 1:59:39]} c5 {[%clk 1:59:54]} 2. Nf3 {[%clk 1:59:34]} d6
{[%clk 1:59:48]} 3. c3 {[%clk 1:59:27]} Nf6 {[%clk 1:58:35]} 4. Be2
{[%clk 1:58:57]} Nc6 {[%clk 1:56:26]} 5. d4 {[%clk 1:57:42]} e6 {[%clk 1:41:36]}
6. d5 {[%clk 1:50:05]} exd5 {[%clk 1:40:17]} 7. exd5 {[%clk 1:49:55]} Nb8
{[%clk 1:39:55]} 8. O-O Be7 9. c4 {[%clk 1:38:23]} O-O {[%clk 1:39:33]} 10. Nc3
{[%clk 1:38:16]} Bg4 {[%clk 1:33:00]} 11. h3 {[%clk 1:36:48]} Bxf3
{[%clk 1:32:52]} 12. Bxf3 {[%clk 1:36:13]} Nbd7 {[%clk 1:31:23]} 13. Bf4
{[%clk 1:32:38]} Re8 {[%clk 1:26:26]} 14. Re1 {[%clk 1:31:00]} a6
{[%clk 1:25:19]} 15. a4 {[%clk 1:25:33]} Qc7 {[%clk 1:23:19]} 16. Qc2
{[%clk 1:12:52]} Nf8 {[%clk 1:20:06]} 17. g4 {[%clk 1:01:57]} Ng6
{[%clk 1:18:35]} 18. Bg3 {[%clk 1:01:46]} Nd7 {[%clk 1:14:35]} 19. Be4
{[%clk 0:55:27]} Ndf8 {[%clk 1:06:48]} 20. Bxg6 {[%clk 0:40:09]} Nxg6
{[%clk 1:06:08]} 21. Re2 {[%clk 0:39:44]} Qd7 {[%clk 1:02:44]} 22. Rae1
{[%clk 0:36:02]} Bf8 {[%clk 0:49:58]} 23. Rxe8 {[%clk 0:29:36]} Rxe8
{[%clk 0:49:47]} 24. Rxe8 {[%clk 0:29:00]} Qxe8 {[%clk 0:49:39]} 25. Qe4
{[%clk 0:27:56]} Qd7 {[%clk 0:44:33]} 26. h4 {[%clk 0:13:59]} Be7
{[%clk 0:39:48]} 27. h5 {[%clk 0:13:09]} Ne5 {[%clk 0:34:37]} 28. Bxe5
{[%clk 0:12:56]} dxe5 {[%clk 0:34:24]} 29. Qf5 {[%clk 0:09:48]} Qxf5
{[%clk 0:29:59]} 30. gxf5 {[%clk 0:09:46]} b6 {[%clk 0:29:11]} 31. Ne4
{[%clk 0:08:00]} Kf8 {[%clk 0:27:32]} 32. a5 {[%clk 0:06:55]} bxa5
{[%clk 0:25:52]} 33. d6 {[%clk 0:06:44]} Bd8 {[%clk 0:21:19]} 34. Nxc5
{[%clk 0:06:33]} Ke8 {[%clk 0:20:42]} 35. Ne4 {[%clk 0:03:33]} Kd7
{[%clk 0:19:32]} 36. f3 {[%clk 0:03:05]} Kc6 {[%clk 0:16:30]} 37. b3
{[%clk 0:02:42]} Bh4 {[%clk 0:15:20]} 38. Kf1 {[%clk 0:02:06]} h6
{[%clk 0:12:39]} 39. Ke2 {[%clk 0:01:34]} Kd7 {[%clk 0:11:12]} 40. c5
{[%clk 0:00:14]} Kc6 {[%clk 0:09:49]} 41. Kd3 {[%clk 0:57:00]} f6
{[%clk 1:07:54]} 42. Kc4 {[%clk 0:56:44]} Be1 {[%clk 1:05:57]} 43. Nc3
{[%clk 0:53:01]} Bf2 {[%clk 1:01:02]} 44. Na4 {[%clk 0:52:15]} Be3
{[%clk 0:54:29]} 45. d7 {[%clk 0:48:20]} Kxd7 {[%clk 0:53:55]} 46. Kd5
{[%clk 0:48:12]} Bd2 {[%clk 0:50:51]} 47. Nb6+ {[%clk 0:44:00]} Kc7
{[%clk 0:49:46]} 48. Nc4 {[%clk 0:43:08]} Bb4 {[%clk 0:46:04]} 49. Nd6
{[%clk 0:42:47]} Kd8 {[%clk 0:39:39]} 50. Kc6 {[%clk 0:41:16]} Ba3
{[%clk 0:36:53]} 51. Nb7+ {[%clk 0:39:29]} Kc8 {[%clk 0:35:29]} 52. Nxa5
{[%clk 0:39:16]} Bb4 {[%clk 0:33:02]} 53. Nc4 {[%clk 0:38:56]} Kb8
{[%clk 0:31:23]} 54. Nd6 {[%clk 0:38:12]} Ba5 {[%clk 0:27:58]} 55. Ne8
{[%clk 0:37:54]} Bd8 {[%clk 0:27:27]} 56. Nxg7 {[%clk 0:37:36]} Kc8
{[%clk 0:26:13]} 57. Ne6 {[%clk 0:37:09]} Ba5 {[%clk 0:25:47]} 58. Kd6
{[%clk 0:34:31]} Bb4 {[%clk 0:24:20]} 59. Ke7 {[%clk 0:34:05]} Bc3
{[%clk 0:24:03]} 60. Kd6 {[%clk 0:31:42]} Bb4 {[%clk 0:22:42]} 61. Nf8
{[%clk 0:31:19]} Be1 {[%clk 0:20:02]} 62. Nh7 {[%clk 0:30:40]} Bh4
{[%clk 0:19:38]} 63. Ke6 {[%clk 0:26:19]} Kc7 {[%clk 0:19:27]} 64. Nxf6
{[%clk 0:25:52]} Kc6 {[%clk 0:19:16]} 65. Ne4 {[%clk 0:25:38]} Kb5
{[%clk 0:18:29]} 66. f6 {[%clk 0:24:27]} Kc6 67. Kd5+ 1-0